QUANTITATIVE CHEMICAL ANALYSIS (Record no. 190291)
[ view plain ]
| 000 -LEADER | |
|---|---|
| fixed length control field | 00240nam a2200097Ia 4500 |
| 050 ## - LIBRARY OF CONGRESS CALL NUMBER | |
| Classification number | QD 81 .H37 2007 |
| 100 ## - MAIN ENTRY--PERSONAL NAME | |
| Personal name | DANIEL C. HAMIS |
| 245 #0 - TITLE STATEMENT | |
| Title | QUANTITATIVE CHEMICAL ANALYSIS |
| 942 ## - ADDED ENTRY ELEMENTS (KOHA) | |
| Koha item type | Long Loan Book |
| Withdrawn status | Lost status | Source of classification or shelving scheme | Damaged status | Not for loan | Collection | Home library | Current library | Shelving location | Date acquired | Inventory number | Total checkouts | Full call number | Barcode | Date last seen | Copy number | Price effective from | Koha item type |
|---|---|---|---|---|---|---|---|---|---|---|---|---|---|---|---|---|---|
| Library of Congress Classification | Science & Technology | Kisii University Library | Kisii University Library | On Display | 09/05/2024 | 57294 | QD 81 .H37 2007 | 014669 | 09/05/2024 | C.1 | 09/05/2024 | Long Loan Book |